000 01121nam0a22002891 4500
001 RU\NLR\INFOCOMM_195\5000034543
005 20250613091716.0
035 _a(NLR Aleph) 009126333
090 _a8249695
_c8249695
100 _a20090430d1988 |||y0rusy50 ca
101 1 _afre
102 _aRU
_aFR
105 _aa ||||000|y
200 1 _aIvan Bilibine
_e[Album
_fRéalisation et texte: Sergueï Golynets
_gTrad. fr.: Zénobius Spetchinsky]
205 _a2-е изд.
210 _aL.
_a[Paris]
_cAurora
_cLazarus
_d1988
215 _a227 с.
_cил., цв. ил., факс., портр.
_d30 см
300 _aВ вып. дан.: Иван Билибин: Альбом
320 _aБиблиогр.: с. 221-223
600 1 _aБилибин
_bИ. Я.
_f1876-1942
_gИван Яковлевич
_jАльбомы
_2nlr_sh1
686 _aЩ153(2Р=Р)-8Билибин
_2rubbk
700 1 _4070
_7ba
_8rus
_aBilibin
_bI. J.
_cхудожник
_f1876-1942
_gIvan Jakovlevič
_92641277
_3RU\NLR\AUTH\770273047
801 1 _aRU
_bNLR
_c20090430
801 0 _aRU
_bNLR
_gPSBO
852 _aNLR
_jЭ АлИс590/2-Б612
942 _cBOOK
980 _aNB